000 01016nam a2200361 a 4500
003 AR-BaBNM
005 20251128203649.0
008 082120s2002 ||||||||||||||000 | spa||
020 _a950-99461-7-6
040 _cAR-BaBNM
100 1 _aParís, Marta de
245 0 0 _aPerfil guaraní de Victoria Ocampo
260 _aBuenos Aires
_bAyala Palacio Ediciones
_c1992
300 _a56 p.
500 _aContiene datos genealógicos sobre los ancestros hispano guaraníes de Victoria Ocampo y Jorge Luis Borges
600 1 4 _aBorges, Jorge Luis
600 1 4 _aMokirase, Leonor
600 1 4 _aOcampo, Victoria
600 1 4 _aTambuay, Agueda
600 1 4 _aMartínez de Irala, Domingo
650 4 _aBIOGRAFIAS
650 4 _aHISTORIA CULTURAL
650 4 _aHISTORIA LITERARIA
650 4 _aLITERATURA
650 4 _aGENEALOGIA
650 4 _aMESTIZOS
650 4 _aGUARANIES
651 4 _aArgentina
655 _aBIOGRAFIAS
700 1 _aLuna, Félix
_eprologuista
942 _cBK
998 _cEnrique
999 _c4382
_d4382